Statistics for Largest cities of Iceland on a Map

Click here to take the quiz!

General Stats

  • This quiz has been taken 91 times
  • The average score is 5 of 15

Answers on the Map

Answers color-coded by a green-red scale on the quiz's map according to % correct below.
 

Answer Stats

PopulationAnswer% Correct
222,776Reykjavik
100%
18,769Akureyri
68%
18,809Keflavík og Njarðvík
55%
8,068Selfoss
42%
2,703Ísafjörður
38%
7,463Akranes
37%
2,501Egilsstaðir
32%
4,301Vestmannaeyjar
31%
3,423Grindavík
28%
2,323Húsavík
26%
2,012Borgarnes
25%
2,612Sauðárkrókur
23%
2,657Hveragerði
22%
1,803Sandgerði
14%
2,602Álftanes
5%

Score Distribution

Percentile by Number Answered

Percent of People with Each Score

Your Score History

You have not taken this quiz